Combien de ville de Corse connais-tu ? - Statistiques

Statistiques générales
  • Ce quiz a été pris 37 fois
  • Le résultat moyen est 27 sur 360
Statistiques - réponses
Population Département Ville % Correct
73483 2A Ajaccio
100%
48928 2B Bastia
100%
11210 2A Porto-Vecchio
93%
5848 2B Calvi
86%
7665 2B Corte
86%
3259 2A Bonifacio
79%
3747 2A Propriano
64%
9432 2B Borgo
61%
3503 2A Sartène
57%
1706 2B Saint-Florent
46%
5901 2B Furiani
43%
3291 2B L'Île-Rousse
43%
4269 2B Ghisonaccia
39%
470 2A Piana
39%
3335 2A Afa
36%
2211 2B Aléria
36%
698 2B Venaco
32%
2790 2A Zonza
32%
523 2A Bastelica
29%
1593 2A Figari
29%
4364 2A Bastelicaccia
25%
7858 2B Biguglia
25%
1301 2A Cargèse
25%
6087 2B Lucciana
25%
213 2B Ghisoni
21%
1920 2A Lecci
21%
1273 2B Lumio
21%
649 2B Monte
21%
1810 2B Oletta
21%
1245 2A Olmeto
21%
3053 2B Vescovato
21%
379 2A Bocognano
18%
110 2A Campo
18%
186 2B Centuri
18%
1171 2A Conca
18%
72 2B Nonza
18%
199 2A Quenza
18%
1809 2B Venzolasca
18%
940 2A Vico
18%
704 2B Belgodère
14%
2551 2B Calenzana
14%
218 2A Évisa
14%
687 2A Levie
14%
857 2B Luri
14%
571 2B Murato
14%
499 2B Pietralba
14%
549 2B Rogliano
14%
418 2B Rutali
14%
1431 2A Sari-Solenzara
14%
1578 2A Sotta
14%
285 2B Tallone
14%
97 2B Tox
14%
268 2B Vezzani
14%
302 2B Zilia
14%
3633 2A Alata
11%
209 2B Albertacce
11%
365 2B Algajola
11%
116 2B Asco
11%
230 2B Bisinchi
11%
271 2B Calacuccia
11%
19 2B Campi
11%
111 2B Casamaccioli
11%
2208 2B Cervione
11%
83 2B Croce
11%
1389 2A Eccica-Suarella
11%
145 2B Ersa
11%
153 2A Foce
11%
151 2B Lama
11%
107 2B Lento
11%
574 2A Monacia-d'Aullène
11%
2044 2B Monticello
11%
981 2B Morosaglia
11%
61 2B Noceta
11%
546 2B Olmeta-di-Tuda
11%
189 2B Olmi-Cappella
11%
893 2B Patrimonio
11%
3404 2B Penta-di-Casinca
11%
2071 2A Peri
11%
19 2B Piano
11%
764 2B San-Giuliano
11%
123 2A Tolla
11%
150 2B Vallecalle
11%
3342 2B Ville-di-Pietrabugno
11%
433 2B Vivario
11%
556 2B Antisanti
7%
1833 2A Appietto
7%
186 2A Aullène
7%
87 2B Bigorno
7%
66 2B Bustanico
7%
157 2B Cagnano
7%
189 2B Campile
7%
117 2B Campitello
7%
314 2B Canale-di-Verde
7%
398 2B Casanova
7%
140 2B Castifao
7%
733 2A Coti-Chiavari
7%
108 2B Erbajolo
7%
238 2B Farinole
7%
378 2B Galéria
7%
3455 2A Grosseto-Prugna
7%
193 2B La Porta
7%
1112 2B Linguizzetta
7%
214 2B Loreto-di-Casinca
7%
112 2B Lozzi
7%
121 2B Manso
7%
720 2B Moltifao
7%
606 2B Omessa
7%
124 2B Ortiporio
7%
520 2A Ota
7%
84 2B Piedicroce
7%
668 2B Pietracorbara
7%
111 2B Piève
7%
42 2B Popolasca
7%
164 2B Rapale
7%
2962 2B San-Martino-di-Lota
7%
2055 2B San-Nicolao
7%
1549 2B Santa-Lucia-di-Moriani
7%
2073 2B Santa-Maria-di-Lota
7%
141 2B Sant'Antonino
7%
1014 2B Santa-Reparata-di-Balagna
7%
339 2B Santo-Pietro-di-Tenda
7%
289 2B Santo-Pietro-di-Venaco
7%
3361 2A Sarrola-Carcopino
7%
84 2A Serra-di-Scopamène
7%
1160 2B Sisco
7%
503 2A Ucciani
7%
244 2B Urtaca
7%
2568 2B Ventiseri
7%
239 2B Aghione
4%
1811 2A Albitreccia
4%
53 2B Altiani
4%
74 2A Ambiegna
4%
161 2A Arbellara
4%
609 2B Aregno
4%
301 2B Barbaggio
4%
136 2B Barrettali
4%
53 2A Bilia
4%
1638 2B Brando
4%
317 2B Canari
4%
113 2B Canavaggia
4%
117 2A Carbini
4%
117 2B Casabianca
4%
390 2A Casaglione
4%
703 2B Castellare-di-Casinca
4%
42 2B Castiglione
4%
156 2B Castirla
4%
1530 2A Cauro
4%
106 2B Chisa
4%
133 2A Ciamannacce
4%
933 2B Corbara
4%
74 2A Corrano
4%
130 2B Corscia
4%
279 2A Cozzano
4%
240 2B Feliceto
4%
211 2A Fozzano
4%
143 2A Frasseto
4%
160 2A Guagno
4%
154 2A Guargualé
4%
128 2A Letia
4%
26 2B Mausoléo
4%
30 2B Mazzola
4%
261 2A Moca-Croce
4%
64 2B Moïta
4%
35 2B Muracciole
4%
260 2B Muro
4%
117 2B Nessa
4%
78 2B Nocario
4%
123 2A Olmiccia
4%
150 2B Olmo
4%
26 2B Ortale
4%
98 2A Osani
4%
581 2A Petreto-Bicchisano
4%
908 2A Pianottoli-Caldarello
4%
38 2B Pie-d'Orezza
4%
60 2B Pietraserena
4%
1964 2A Pietrosella
4%
349 2B Pietroso
4%
115 2B Pigna
4%
281 2A Pila-Canale
4%
169 2B Pino
4%
215 2B Poggio-di-Venaco
4%
225 2B Poggio-d'Oletta
4%
3762 2B Prunelli-di-Fiumorbo
4%
51 2A Quasquara
4%
155 2B Riventosa
4%
74 2B Rospigliani
4%
60 2B Rusio
4%
93 2A Salice
4%
106 2B San-Gavino-d'Ampugnani
4%
58 2B San-Gavino-di-Tenda
4%
144 2B San-Lorenzo
4%
396 2A Santa-Maria-Siché
4%
208 2B Sant'Andréa-di-Cotone
4%
59 2B Santa-Reparata-di-Moriani
4%
355 2A Sari-d'Orcino
4%
91 2B Scolca
4%
75 2B Sermano
4%
573 2A Serra-di-Ferro
4%
337 2B Serra-di-Fiumorbo
4%
154 2A Soccia
4%
742 2B Solaro
4%
142 2B Sorio
4%
116 2B Soveria
4%
285 2B Speloncato
4%
35 2B Stazzona
4%
591 2B Taglio-Isolaccio
4%
15 2B Tarrano
4%
87 2A Tasso
4%
112 2B Tralonca
4%
28 2B Valle-d'Orezza
4%
872 2A Viggianello
4%
216 2B Vignale
4%
358 2B Volpajola
4%
147 2B Zalana
4%
221 2A Zicavo
4%
66 2A Zoza
4%
36 2B Zuani
4%
26 2B Aiti
0%
29 2B Alando
0%
56 2A Altagène
0%
25 2B Alzi
0%
25 2B Ampriani
0%
54 2A Arbori
0%
78 2A Argiusta-Moriccio
0%
80 2A Arro
0%
84 2B Avapessa
0%
196 2A Azilone-Ampaza
0%
53 2A Azzana
0%
152 2A Balogna
0%
161 2A Belvédère-Campomoro
0%
508 2A Calcatoggio
0%
70 2B Cambia
0%
20 2B Campana
0%
77 2A Cannelle
0%
384 2A Carbuccia
0%
39 2B Carcheto-Brustico
0%
33 2A Cardo-Torgia
0%
60 2A Cargiaca
0%
35 2B Carpineto
0%
25 2B Carticasi
0%
223 2A Casalabriva
0%
56 2B Casalta
0%
74 2B Casevecchie
0%
29 2B Castellare-di-Mercurio
0%
500 2B Castello-di-Rostino
0%
38 2B Castineta
0%
245 2B Cateri
0%
217 2B Chiatra
0%
736 2A Coggia
0%
176 2A Cognocoli-Monticchi
0%
52 2B Costa
0%
67 2A Cristinacce
0%
80 2B Crocicchia
0%
2065 2A Cuttoli-Corticchiato
0%
12 2B Érone
0%
68 2B Favalello
0%
51 2B Felce
0%
57 2B Ficaja
0%
30 2B Focicchia
0%
83 2A Forciolo
0%
59 2B Gavignano
0%
53 2B Giocatojo
0%
70 2B Giuncaggio
0%
95 2A Giuncheto
0%
95 2A Granace
0%
54 2A Grossa
0%
155 2A Guitera-les-Bains
0%
319 2B Isolaccio-di-Fiumorbo
0%
22 2B Lano
0%
151 2B Lavatoggio
0%
105 2A Lopigna
0%
53 2A Loreto-di-Tallano
0%
85 2B Lugo-di-Nazza
0%
112 2A Marignana
0%
49 2B Matra
0%
29 2A Mela
0%
81 2B Meria
0%
22 2B Monacia-d'Orezza
0%
343 2B Moncale
0%
439 2B Montegrosso
0%
109 2B Morsiglia
0%
104 2A Murzo
0%
63 2B Novale
0%
80 2B Novella
0%
645 2A Ocana
0%
266 2B Occhiatana
0%
95 2B Ogliastro
0%
94 2B Olcani
0%
219 2A Olivese
0%
132 2B Olmeta-di-Capocorso
0%
51 2A Orto
0%
190 2B Palasca
0%
137 2A Palneca
0%
198 2B Pancheraccia
0%
24 2B Parata
0%
95 2A Partinello
0%
97 2A Pastricciola
0%
38 2B Penta-Acquatella
0%
109 2B Perelli
0%
114 2B Pero-Casevecchie
0%
59 2B Pianello
0%
19 2B Piazzali
0%
44 2B Piazzole
0%
102 2B Piedicorte-di-Gaggio
0%
135 2B Piedigriggio
0%
16 2B Piedipartino
0%
101 2B Pietra-di-Verde
0%
34 2B Pietricaggio
0%
17 2B Piobetta
0%
85 2B Pioggiola
0%
186 2B Poggio-di-Nazza
0%
114 2A Poggiolo
0%
33 2B Poggio-Marinaccio
0%
712 2B Poggio-Mezzana
0%
42 2B Polveroso
0%
44 2B Porri
0%
47 2B Prato-di-Giovellina
0%
149 2B Prunelli-di-Casacconi
0%
184 2B Pruno
0%
40 2B Quercitello
0%
29 2B Rapaggio
0%
63 2A Renno
0%
66 2A Rezza
0%
51 2A Rosazia
0%
388 2A Sainte-Lucie-de-Tallano
0%
48 2B Saliceto
0%
81 2A Sampolo
0%
55 2B San-Damiano
0%
1098 2A San-Gavino-di-Carbini
0%
104 2B San-Gavino-di-Fiumorbo
0%
90 2B San-Giovanni-di-Moriani
0%
118 2B Santa-Lucia-di-Mercurio
0%
102 2A Santa-Maria-Figaniella
0%
798 2B Santa-Maria-Poggio
0%
67 2B Sant'Andréa-di-Bozio
0%
129 2A Sant'Andréa-d'Orcino
0%
48 2B Scata
0%
120 2A Serriera
0%
106 2B Silvareccio
0%
377 2A Sollacaro
0%
72 2A Sorbollano
0%
901 2B Sorbo-Ocagnano
0%
817 2B Talasani
0%
412 2A Tavaco
0%
398 2A Tavera
0%
187 2B Tomino
0%
59 2A Urbalacone
0%
108 2B Valle-d'Alesani
0%
359 2B Valle-di-Campoloro
0%
533 2A Valle-di-Mezzana
0%
143 2B Valle-di-Rostino
0%
28 2B Vallica
0%
119 2B Velone-Orneto
0%
44 2B Verdèse
0%
610 2A Vero
0%
408 2A Villanova
0%
212 2B Ville-di-Paraso
0%
51 2A Zérubia
0%
53 2A Zévaco
0%
133 2A Zigliara
0%
Aucun quiz correspondant
Distribution des résultats
% des personnes avec chaque résultat
Percentile par nombre de réponses
Votre historique - résultats
Vous n’avez pas pris ce quiz